Hüte und andere Kopfbedeckungen aus aller Welt (Record no. 32527)

000 -Guida (Record label)
Guida (Record label) 00601nam 22002053 4500
001 - Identificatore del record
Identificatore del record 32527
005 - Identificatore di versione
Identificatore di versione 20260415080330.0
010 ## - International Standard Book Number (ISBN)
Numero (ISBN) 9783551522917
100 ## - Dati di elaborazione
Dati di elaborazione 20260415d d||y0itay50 ba
101 ## - Lingua di pubblicazione
Lingua del testo, traccia sonora, etc. tedesco
102 ## - Paese di pubblicazione o di produzione
Paese di pubblicazione Germania
200 ## - Titolo e formulazione responsabilità
Titolo proprio Hüte und andere Kopfbedeckungen aus aller Welt
Prima formulazione di responsabilità Karen Exner
210 ## - Area relativa al materiale specifico: pubblicazione, distribuzione etc.
Luogo di pubblicazione, distribuzione, etc. Hamburg
Nome dell'editore, distributore, etc. Carlsen
Data di pubblicazione, distribuzione, etc. ©2025
215 ## - Descrizione fisica
Indicazione specifica del materiale ed estensione del documento 1 volume ( senza paginazione)
Altre particolarità fisiche ill.
Dimensioni 33 cm
300 ## - Note generali
Testo di nota Fascia d'età: 9-14
500 ## - Titolo uniforme
Titolo uniforme Hüte und andere Kopfbedeckungen aus aller Welt
Codice 26270
610 ## - Termini di soggetto non controllati
Termine di soggetto Cappelli - Libri per ragazzi
700 ## - Autore personale - responsabilità principale
Elemento principale Exner
Ulteriore elemento del nome Karen
Codice interno Koha 26271
090 ## - id koha
valore id 32527
942 ## - Informazioni aggiuntive
Koha item type Libro
Holdings
Ritiro della copia Copia smarrita Data di inventario Bib. proprietaria della copia Bib. che possiede o presta (holding branch) Codice a barre Inventario Collocazione Tipo di circolazione (non a prestito) Tipo della copia e materiale
Non ritirata Non persa 2026-04-15 Scaffale Circolante Scaffale Circolante 11093 SC-11093 R TD EXN   Libro

Powered by Koha